| 000 | 01928cam a22004574i 4500 | ||
|---|---|---|---|
| 003 | PE-LiUPU | ||
| 005 | 20250731172821.0 | ||
| 008 | 150617s1972 mx a rb 000 0 spa d | ||
| 035 | _a(Sirsi) a13983 | ||
| 040 |
_aPE-LiUPU _bspa _cPE-LiUPU _erda |
||
| 049 | _aPRUA | ||
| 082 | 0 | 4 |
_a270.9 _bR21 _221 |
| 100 | 1 |
_aRamos-Oliveira, Antonio, _eautor. |
|
| 245 | 1 | 4 |
_aLos orígenes del Cristianismo y de la iglesia : _bLos fundamentos éticos de la civilización de occidente / _cAntonio Ramos-Oliveira. |
| 264 | 1 |
_aMexico : _bOasis, _c1972. |
|
| 300 |
_a327 páginas : _bilustraciones ; _c23 centímetros |
||
| 336 |
_atext _2rdacontent |
||
| 337 |
_aunmediated _2rdamedia |
||
| 338 |
_avolume _2rdacarrier |
||
| 504 | _aIncluye bibliografía. | ||
| 505 | 0 | _aLa Helenización del Oriente -- Los Dioses paganos -- Jesús -- Las doctrinas de Jesús -- El nacimiento del Cristianismo -- Pablo de Tarso -- Pablo de Tarso (continuación) -- Pedro y la iglesia -- La persecución -- El arte Romano Clásico -- La Reacción pagana -- El arte Cristiano antiguo -- El imperio, la iglesia y los Bárbaros -- León I el Magno -- La disolución del Imperio de occidente. | |
| 526 | _aSEG42 | ||
| 526 | _aSEG41 | ||
| 526 | _aSEG40 | ||
| 526 | _aSEG39 | ||
| 526 | _aP94 | ||
| 526 | _aP87 | ||
| 526 | _aP86 | ||
| 526 | _aP85 | ||
| 526 | _aP77 | ||
| 526 | _aP76 | ||
| 526 | _aP35 | ||
| 650 | 0 | 4 |
_aIglesia _xHistoria _yOrígenes. |
| 910 |
_ajck _bjvq _cjck _d20150616 |
||
| 942 |
_2ddc _cBOOK |
||
| 949 |
_a270.9 R21 _wDEWEY _c1 _i14037 _lCCODEBUL1 _mBUL _p00.00 _r0 _sY _tBOOK _u19750805 _xTEOLOGIA _PP35 _0COMPRA _o.STAFF. Colección General |
||
| 994 |
_aC0 _bPEPRU |
||
| 596 | _a1 | ||
| 999 |
_a270.9 R21 _wDEWEY _c4410 _i14037 _d4410 _e2018-5-21 _f2021-11-11 _g5 _lCCODEBUL1 _mBUL _n3 _p20.00 _q4 _r0 _sY _tBOOK _u2015-6-17 _xTEOLOGIA _PP35 _0COMPRA _o.STAFF. Colección Teología |
||
| 980 |
_81 _gALBERTO SANCHEZ Responsable de Automatización |
||